000 02227cam a22005294a 4500
001 muse72895
003 MdBmJHUP
005 20210127151233.0
006 m o d
007 cr||||||||nn|n
008 110421s2010 enk o 00 0 eng d
010 _z 2011281646
020 _a9781526130259
020 _a1526130254
020 _z9780719080104 (hbk.)
020 _z071908010X (hbk.)
035 _a(OCoLC)1085650417
040 _aMdBmJHUP
_cMdBmJHUP
043 _ae-uk-en
050 0 4 _aGT4044.L6
_bH55 2010
082 0 _a820.9334
_222
100 1 _aHill, Tracey.
245 1 0 _aPageantry and Power
_bA cultural history of the early modern Lord Mayor's Show 1585-1639 /
_cTracey Hill.
264 1 _bManchester University Press,
264 3 _bProject MUSE,
300 _a1 online resource (xii, 396 p.) :
_bill., 1 map ;
504 _aIncludes bibliographical references (p. [345]-378) and index.
506 0 _aOpen Access
_fUnrestricted online access
_2star
520 8 _aThis is the first full and in-depth cultural history of the Lord Mayor's Show in the early modern period. It reveals the lived experience of the shows and sets them in the context of the wider ceremonial culture of early modern England.
588 _aDescription based on print version record.
650 0 _aFestivals in literature.
650 0 _aEnglish literature
_yEarly modern, 1500-1700
_xHistory and criticism.
650 0 _aPageants
_zEngland
_zLondon
_xHistory
_y17th century.
650 0 _aPageants
_zEngland
_zLondon
_xHistory
_y16th century.
650 0 _aParades
_zEngland
_zLondon
_xHistory
_y17th century.
650 0 _aParades
_zEngland
_zLondon
_xHistory
_y16th century.
651 0 _aLondon (England)
_xSocial life and customs
_y17th century.
651 0 _aLondon (England)
_xSocial life and customs
_y16h century.
655 7 _aElectronic books.
_2local
710 2 _aProject Muse.
_edistributor
830 0 _aBook collections on Project MUSE.
856 4 0 _zFull text available:
_uhttps://muse.jhu.edu/book/63320/
999 _c25107
_d25107